Female Rulers and Leaders - Statistics

General Stats
  • This quiz has been taken 405 times
    337 since last reset
  • The average score is 19 of 42
Answer Stats
Title Alive Person % Correct
Queen of Egypt 69 - 30 BCE Cleopatra VII Thea Philopator
97%
Queen of England 1662 - 94 Mary II
89%
Queen of Scots 1542 - 1587 Mary Stuart
89%
Queen of England (first queen regent) 1516 - 1558 Mary Tudor
89%
Queen of England 1533 - 1603 Elizabeth I
84%
Queen of France 1519 - 1589 Catherine de Médicis
82%
Empress of Russia 1729 - 96 Catherine the Great
82%
Queen of the United Kingdom and Empress of India 1819 - 1901 Victoria
82%
Queen of the United Kindom born 1926 Elizabeth II
78%
Queen consort to Henry VI of England 1429 - 82 Margaret of Anjou
76%
Chancellor of Germany born 1954 Angela Merkel
74%
Queen of England 1665 - 1714 Anne
71%
Queen consort of Louis XIII of France 1601 - 1666 Anne of Austria
71%
Queen of Castile 1451 - 1504 Isabella
70%
Queen of England 1296 - 1358 Isabella, 'The She Wolf'
70%
British Prime Minister 1925 - 2014 Margaret Thatcher
67%
Queen consort of King Louis XVI of France 1755 - 93 Marie Antoinette
62%
Wife of President Juan Perón of Argentina 1919 - 1952 Eva Péron
59%
Prime Minister of India 1917 - 84 Indira Gandhi
59%
Queen of Egypt 14th Century BCE Nefertiti
54%
Prime Minister of Israel 1898 - 1978 Golda Meir
45%
Prime Minister of Pakistan 1953 - 2007 Benazir Bhutto
44%
Claimant to the English Throne 1102 - 67 Matilda
33%
Empress of Byzantium c.497 - 548 Theodora
32%
Queen of the Iceno died CE 60 Boudica
31%
Queen of Egypt 15th Century BCE Hatshepsut
30%
Archduchess of Austria, Queen of Hungary and Bohemia 1717 - 80 Maria Theresa
27%
Titular Queen of England 1537 - 1554 Lady Jane Grey
26%
Queen of England and France 1122 - 1204 Eleanor of Aquitaine
22%
Queen of Sweden 1626 - 1689 Christina
20%
Empress of China 1835 - 1908 Cixi
17%
Judge and Prophet 12 Century BCE Deborah
15%
Empress of Rome 58 BCE - CE 29 Livia
13%
Queen of Israel 10th Century BCE Bathsheba
11%
Queen of Israel died c.843 BCE Jezebel
9%
Queen of Hawaii 1838 - 1917 Liliuokalani
7%
Sultana of the Ottoman Empire c.1500 - 58 Roxelana
5%
Queen of France 1188 - 1252 Blanche of Castile
3%
Marquise de Pompadour 1721 - 64 Jeanne-Antoinette Poisson
2%
Rani of Jhansi (India) c.1830 - 58 Lakshmi Bai
2%
Duchess of Ferrara 1480 - 1519 Lucrezia Borgia
2%
Empress of China 625 - 705 Wu Hou
2%
No matching quizzes found
Score Distribution
Percent of People with Each Score
Percentile by Number Answered
Your Score History
You have not taken this quiz since the last reset